Songs to Albums: Taylor Swift - Extreme - Statistics

General Stats
  • This quiz has been taken 3,949 times
    3,947 since last reset
  • The average score is 132 of 197
Answer Stats
Hint Explanation Answer % Correct
Cruel Summer Track 2 Lover
76%
Red Track 2 Red
76%
All Too Well Track 5 Red
76%
Welcome To New York Track 1 1989
75%
Style Track 3 1989
75%
Shake It Off Track 6 1989
75%
22 Track 6 Red
75%
Enchanted Track 9 Speak Now
75%
Blank Space Track 2 1989
74%
Clean Track 13 1989
74%
"Slut!" Track 17 1989
74%
willow Track 1 evermore
74%
evermore Track 15 evermore
74%
The Man Track 4 Lover
74%
Paper Rings Track 8 Lover
74%
London Boy Track 11 Lover
74%
You Need To Calm Down Track 14 Lover
74%
I Knew You Were Trouble Track 4 Red
74%
All Too Well (10 Minute Version) Track 30 Red
74%
Don't Blame Me Track 4 reputation
74%
Delicate Track 5 reputation
74%
Look What You Made Me Do Track 6 reputation
74%
Picture To Burn Track 2 Taylor Swift
74%
Santa Baby Track 3 The Taylor Swift Holiday Collection
74%
Out Of The Woods Track 4 1989
73%
Wildest Dreams Track 9 1989
73%
This Love Track 11 1989
73%
Now That We Don't Talk Track 19 1989
73%
Is It Over Now? Track 21 1989
73%
Lover Track 3 Lover
73%
The Archer Track 5 Lover
73%
Cornelia Street Track 9 Lover
73%
ME! Track 16 Lover
73%
...Ready For It? Track 1 reputation
73%
I Did Something Bad Track 3 reputation
73%
So It Goes... Track 7 reputation
73%
Getaway Car Track 9 reputation
73%
Dress Track 12 reputation
73%
Speak Now Track 4 Speak Now
73%
Tim McGraw Track 1 Taylor Swift
73%
Teardrops On My Guitar Track 3 Taylor Swift
73%
New Romantics Track 16 1989
72%
champagne problems Track 2 evermore
72%
Fearless Track 1 Fearless
72%
Love Story Track 3 Fearless
72%
You Belong With Me Track 6 Fearless
72%
the 1 Track 1 folklore
72%
Miss Americana & The Heartbreak Prince Track 7 Lover
72%
Daylight Track 18 Lover
72%
We Are Never Ever Getting Back Together Track 8 Red
72%
Gorgeous Track 8 reputation
72%
Call It What You Want Track 14 reputation
72%
Mine Track 1 Speak Now
72%
Sparks Fly Track 2 Speak Now
72%
Lsst Christmas Track 1 The Taylor Swift Holiday Collection
72%
Christmas Must Be Something More Track 5 The Taylor Swift Holiday Collection
72%
White Christmas Track 6 The Taylor Swift Holiday Collection
72%
I Wish You Would Track 7 1989
71%
gold rush Track 3 evermore
71%
no body no crime Track 6 evermore
71%
august Track 8 folklore
71%
Death By A Thousand Cuts Track 10 Lover
71%
False God Track 13 Lover
71%
Afterglow Track 15 Lover
71%
State Of Grace Track 1 Red
71%
State Of Grace (Acoustic Version) Track 20 Red
71%
End Game Track 2 reputation
71%
Dancing With Our Hands Tied Track 11 reputation
71%
This Is Why We Can't Have Nice Things Track 13 reputation
71%
New Year's Day Track 15 reputation
71%
Back To December Track 3 Speak Now
71%
Dear John Track 5 Speak Now
71%
Mean Track 6 Speak Now
71%
Haunted Track 12 Speak Now
71%
Long Live Track 14 Speak Now
71%
Our Song Track 11 Taylor Swift
71%
Christmases When You Were Mine Track 2 The Taylor Swift Holiday Collection
71%
All You Had To Do Was Stay Track 5 1989
70%
How You Get The Girl Track 10 1989
70%
I Know Places Track 12 1989
70%
'tis the damn season Track 4 evermore
70%
marjorie Track 13 evermore
70%
Fifteen Track 2 Fearless
70%
Mr. Perfectly Fine Track 22 Fearless
70%
cardigan Track 2 folklore
70%
my tears ricochet Track 5 folklore
70%
mirrorball Track 6 folklore
70%
seven Track 7 folklore
70%
illicit affairs Track 10 folklore
70%
invisible string Track 11 folklore
70%
the lakes Track 17 folklore
70%
Better Than Revenge Track 10 Speak Now
70%
Last Kiss Track 13 Speak Now
70%
Bad Blood Track 8 1989
69%
Wonderland Track 14 1989
69%
Suburban Legends Track 20 1989
69%
tolerate it Track 5 evermore
69%
coney island Track 9 evermore
69%
cowboy like me Track 11 evermore
69%
White Horse Track 5 Fearless
69%
the last great american dynasty Track 3 folklore
69%
betty Track 14 folklore
69%
I Forgot That You Existed Track 1 Lover
69%
It's Nice To Have A Friend Track 17 Lover
69%
King Of My Heart Track 10 reputation
69%
Mary's Song (Oh My My My) Track 10 Taylor Swift
69%
You Are In Love Track 15 1989
68%
right where you left me Track 16 evermore
68%
exile Track 4 folklore
68%
this is me trying Track 9 folklore
68%
hoax Track 16 folklore
68%
Soon You'll Get Better Track 12 Lover
68%
Treacherous Track 3 Red
68%
Holy Ground Track 11 Red
68%
Begin Again Track 16 Red
68%
Ronan Track 21 Red
68%
Castles Crumbling Track 20 Speak Now
68%
Say Don't Go Track 18 1989
67%
dorothea Track 8 evermore
67%
ivy Track 10 evermore
67%
long story short Track 12 evermore
67%
The Way I Loved You Track 10 Fearless
67%
peace Track 15 folklore
67%
Stay Stay Stay Track 9 Red
67%
Sad Beautiful Tragic Track 12 Red
67%
Message In A Bottle Track 25 Red
67%
When Emma Falls In Love Track 18 Speak Now
67%
Cold As You Track 5 Taylor Swift
67%
closure Track 14 evermore
66%
Hey Stephen Track 4 Fearless
66%
Forever & Always Track 11 Fearless
66%
Jump Then Fall Track 14 Fearless
66%
Everything Has Changed Track 14 Red
66%
I Bet You Think About Me Track 26 Red
66%
The Story Of Us Track 7 Speak Now
66%
I Can See You Track 19 Speak Now
66%
happiness Track 7 evermore
65%
Breathe Track 7 Fearless
65%
mad woman Track 12 folklore
65%
epiphany Track 13 folklore
65%
I Think He Knows Track 6 Lover
65%
Girl At Home Track 19 Red
65%
Better Man Track 22 Red
65%
Babe Track 24 Red
65%
Never Grow Up Track 8 Speak Now
65%
Electric Touch Track 17 Speak Now
65%
A Place In This World Track 4 Taylor Swift
65%
Tied Together With A Smile Track 7 Taylor Swift
65%
Should've Said No Track 9 Taylor Swift
65%
I Almost Do Track 7 Red
64%
The Lucky One Track 13 Red
64%
Nothing New Track 23 Red
64%
Tell Me Why Track 8 Fearless
63%
Forever & Always (Piano Version) Track 16 Fearless
63%
The Last Time Track 10 Red
63%
The Moment I Knew Track 17 Red
63%
Come Back... Be Here Track 18 Red
63%
Innocent Track 11 Speak Now
63%
The Outside Track 6 Taylor Swift
63%
Today Was A Fairytale Track 20 Fearless
62%
Run Track 28 Red
62%
Timeless Track 22 Speak Now
62%
I Don't Wanna Live Forever Movie Track Collaboration
61%
it's time to go Track 17 evermore
61%
You're Not Sorry Track 9 Fearless
61%
The Best Day Track 12 Fearless
61%
Change Track 13 Fearless
61%
Starlight Track 15 Red
61%
Foolish One Track 21 Speak Now
61%
All Of The Girls You Loved Before Track 19 Lover
60%
The Very First Night Track 29 Red
60%
Superman Track 16 Speak Now
60%
We Were Happy Track 23 Fearless
59%
That's When Track 24 Fearless
59%
Forever Winter Track 27 Red
59%
A Perfectly Good Heart Track 14 Taylor Swift
59%
Silent Night Track 4 The Taylor Swift Holiday Collection
59%
Ours Track 15 Speak Now
58%
I'm Only Me When I'm With You Track 12 Taylor Swift
58%
Thug Story ... Collaboration
57%
The Other Side Of The Door Track 19 Fearless
56%
Bye Bye Baby Track 26 Fearless
56%
Stay Beautiful Track 8 Taylor Swift
56%
Invisible Track 13 Taylor Swift
55%
Beautiful Eyes Track 1 Beautiful Eyes
54%
Untouchable Track 15 Fearless
54%
Don't You Track 25 Fearless
53%
Macavity Movie Track Collaboration
52%
Come In With The Rain Track 17 Fearless
52%
Superstar Track 18 Fearless
52%
You All Over Me Track 21 Fearless
52%
I Heart? Track 6 Beautiful Eyes
39%
Half Of My Heart ... Collaboration
39%
Beautiful Ghosts Movie Track Collaboration
38%
Sweeter Than Fiction Track 22 1989
32%
Safe & Sound Movie Track Collaboration
31%
Eyes Open Movie Track Collaboration
26%
No matching quizzes found
Score Distribution
Percent of People with Each Score
Percentile by Number Answered
Your Score History
You have not taken this quiz since the last reset